|
|
|
|
| LEADER |
00000nam0a2200000 4500 |
| 001 |
254405 |
| 005 |
20231101232931.0 |
| 020 |
|
|
|a RU
|b 89-51295
|
| 035 |
|
|
|a (RuTPU)RU\TPU\book\276861
|
| 090 |
|
|
|a 254405
|
| 100 |
|
|
|a 20140320d1988 k y0rusy5003 ca
|
| 101 |
0 |
|
|a rus
|
| 102 |
|
|
|a RU
|
| 105 |
|
|
|a a z 001zy
|
| 200 |
1 |
|
|a Получение и анализ чистых веществ
|e межвузовский сборник
|f Горьковский государственный университет им. Н. И. Лобачевского (ГГУ) ; под ред. А. Д. Зорина
|
| 210 |
|
|
|a Горький
|c Изд-во Горьковского ун-та
|d 1988
|
| 215 |
|
|
|a 103 с.
|c ил.
|
| 320 |
|
|
|a Библиогр. в конце ст.
|
| 606 |
1 |
|
|a Химические вещества,чистые
|x Получение
|2 stltpush
|3 (RuTPU)RU\TPU\subj\31868
|9 54608
|
| 610 |
1 |
|
|a химический анализ
|
| 610 |
1 |
|
|a анализ
|
| 610 |
1 |
|
|a чистые вещества
|
| 610 |
1 |
|
|a летучие вещества
|
| 610 |
1 |
|
|a синтез
|
| 610 |
1 |
|
|a глубокая очистка
|
| 610 |
1 |
|
|a дистилляция
|
| 610 |
1 |
|
|a ректификация
|
| 675 |
|
|
|a 661:54-482
|z rus
|v 3
|
| 702 |
|
1 |
|a Зорин
|b А. Д.
|g Аркадий Данилович
|4 340
|
| 712 |
0 |
2 |
|a Горьковский государственный университет им. Н. И. Лобачевского (ГГУ)
|2 stltpush
|3 (RuTPU)RU\TPU\col\2603
|
| 801 |
|
0 |
|a RU
|b RuMRKP
|c 19950417
|g psbo
|
| 801 |
|
1 |
|a RU
|b 63413507
|c 20140320
|
| 801 |
|
2 |
|a RU
|b 63413507
|c 20170512
|g RCR
|
| 942 |
|
|
|c BK
|